Connectionist symbol processing

Αποθηκεύτηκε σε:
Λεπτομέρειες βιβλιογραφικής εγγραφής
Άλλοι συγγραφείς: Hinton, Geoffrey E. (Επιμελητής έκδοσης)
Μορφή: Βιβλίο
Γλώσσα:English
Δημοσίευση: Cambridge, Mass. : MIT Press, 1991.
Έκδοση:1st MIT Press ed
Σειρά:Special issues of Artificial intelligence, an international journal
Θέματα:
Ετικέτες: Προσθήκη ετικέτας
Δεν υπάρχουν, Καταχωρήστε ετικέτα πρώτοι!

MARC

LEADER 00000cam a2200000 i 4500
001 1/28989
008 941103r1991 mau ||| | eng||
020 |a 026258106X 
035 |l 10038211 
035 |a 1993  |c ΠΑΝΑΓΙΩΤΟΠΟΥΛΟΣ 
040 |a GR-MyUA  |b gre  |e AACR2 
041 0 |a eng 
082 0 |a 006.3   |2 (20) 
245 1 0 |a Connectionist symbol processing /   |c edited by G.E. Hinton.  
250 |a 1st MIT Press ed 
260 |a Cambridge, Mass. :   |b MIT Press,   |c 1991.  
300 |a 262 σ. :   |b εικ. ;   |c 24 εκ.  
490 1 |a (Special issues of Artificial intelligence, an international journal) 
500 |a "A Bradford book." 
500 |a "Reprinted from Artificial intelligence, an international journal, volume 46, numbers 1-2, 1990"--T.p. verso 
504 |a Περιέχει βιβλιογραφικές αναφορές και ευρετήριο.  
650 0 0 |a Connection machines. 
650 0 0 |a Neural networks (Computer science) 
700 1 |a Hinton, Geoffrey E.  |e edt 
830 0 |a Special issues of Artificial intelligence, an international journal 
852 |a INST  |b SAMOS  |e 19941103  |h 006.3 CON  |p 005300005903  |q 005300005903  |t BK  |y 0 
909 |a Σ  |b 030732